Máriina doba časopis Mariánskeho kňažského hnutia a Mariánskeho hnutia

Bibliographic Details
Other Authors: Pánči, Bernard (Iso)
Format: Journal
Language:Slovak
PhysicalDescription:zv. 30 cm
Published: Bratislava Združenie Máriina doba 1991-
ISSN:1338-1490
Subjects:
Online Access:http://www.mkh.sk/casopis.htm

MARC

LEADER 00000cas a2200000 a 4500
001 vtls008413523
003 SK-MaSNL
005 20260324162450.0
008 051206c19919999xo qr p 0 b0slo
022 |a 1338-1490 
035 |a (SVKBB03)vtls000047645 
040 |a SVKPO  |b slo  |c SVKPO  |d SNK  |d SAVUK  |d SNK  |e AACR2 
041 0 |a slo 
044 |a xo  |c SK 
072 7 |a 27-5  |x Liturgia. Kresťanské umenie a symbolika. Duchovný život  |2 konspekt 
072 7 |a 2  |x Náboženstvo  |2 konspekt 
080 |a 2(051)  |2 2011 
080 |a 27-312.47  |2 2011 
080 |a 2-58  |2 2011 
210 0 |a Máriina doba 
222 0 |a Máriina doba 
245 0 0 |a Máriina doba  |b časopis Mariánskeho kňažského hnutia a Mariánskeho hnutia 
260 |a Bratislava  |b Združenie Máriina doba  |c 1991- 
300 |a zv.  |c 30 cm 
310 |a 4x ročne 
362 0 |a Roč. I, č. 1 (1991)- 
500 |a Registračné č.: MK SR 403/91 
500 |a Zodp. red.: 1991-1999, Bernard Pánči ; 2001-2015, Peter Petrek 
500 |a Podnázov v tiráži: 3/2015-, časopis pre podporu špirituality Mariánskeho kňazského hnutia 
500 |a Výkonný red.: 2016-, Alžbeta Vojtková 
500 |a Evidenčné číslo: EV 3461/09 
650 0 7 |a mariánsky kult  |2 SNKPH  |9 1996 
650 0 7 |a spiritualita  |2 SNKPH  |9 18684 
655 7 |a náboženské časopisy  |2 SNKPH  |9 70790 
700 1 |a Petrek, Peter  |4 lso  |9 267610 
700 1 |a Vojtková, Alžbeta  |4 red  |9 267611 
700 1 |a Pánči, Bernard  |4 Iso  |9 267612 
710 2 |a Združenie Máriina doba (Bratislava, Slovensko)  |4 pbl  |9 266912 
856 4 0 |u http://www.mkh.sk/casopis.htm 
910 |a savuk 
910 |a snk 
916 |a 1991-2012 
999 |c 3928  |d 5858 
952 |t č. 1-4  |a SNK  |b SNK  |y PREZ  |7 0  |p 17A1464555  |o snkČSB 4244/31/2021  |i snk2024/11126  |8 0  |0 0  |1 0  |4 0  |d 2024-07-12  |l 0  |r 2026-02-21 19:50:00  |w 2026-02-21 
952 |t č. 1-4 + príl. DVD-ROM  |a SNK  |b SNK  |y PREZ  |7 0  |p 17A1464556  |o snkČSB 4244/32/2022  |i snk2024/11128  |8 0  |0 0  |1 0  |4 0  |d 2024-07-12  |l 0  |r 2026-02-21 19:50:00  |w 2026-02-21 
952 |t DVD-ROM  |a SNK  |b SNK  |y PREZ  |7 0  |p 17A1464557  |o snkČSB 4244/32/2022/príl.  |i snk2024/11128  |8 0  |z Príloha: Na pulze dejín spásy  |0 0  |1 0  |4 0  |d 2024-07-12  |l 0  |r 2026-02-21 19:50:00  |w 2026-02-21 
952 |t č. 1-2  |a SNK  |b SNK  |y PREZ  |7 0  |p 17A0928291  |o snkČSB 4244/1/1991  |i snkČSP 1397/1994  |f 1  |0 0  |1 0  |4 0  |d 2014-08-12  |l 0  |r 2026-02-21 19:53:31  |w 2026-02-21 
952 |t č. 1-4  |a SNK  |b SNK  |y PREZ  |7 0  |p 17A0928330  |o snkČSB 4244/5/1995  |i snkČSP 2575/1999  |f 1  |0 0  |1 0  |4 0  |d 2014-08-12  |l 0  |r 2026-02-21 19:53:31  |w 2026-02-21 
952 |t č. 1-4  |a SNK  |b SNK  |y PREZ  |7 0  |p 17A0928328  |o snkČSB 4244/7/1997  |i snkČSP 2571/1999  |f 1  |0 0  |1 0  |4 0  |d 2014-08-12  |l 0  |r 2026-02-21 19:53:31  |w 2026-02-21 
952 |t č. 1-4  |a SNK  |b SNK  |y PREZ  |7 0  |p 17A1462616  |o snkČSB 4244/29/2019 D1  |i snk2022/4024  |8 0  |0 0  |1 0  |4 0  |d 2022-03-16  |l 0  |r 2026-02-21 19:59:49  |w 2026-02-21 
952 |t č. 1-4  |a SNK  |b SNK  |y PREZ  |7 0  |p 17A1462617  |o snkČSB 4244/30/2020  |i snk2022/4025  |8 0  |0 0  |1 0  |4 0  |d 2022-03-16  |l 0  |r 2026-02-21 19:59:50  |w 2026-02-21 
952 |t č. 1-4  |a SNK  |b SNK  |y PREZ  |7 0  |p 17A1463133  |o snkČSB 4244/30/2020 D1  |i snk2024/11201  |8 0  |0 0  |1 0  |4 0  |d 2024-07-15  |l 0  |r 2026-02-21 20:01:23  |w 2026-02-21 
952 |t č. 1-4  |a SNK  |b SNK  |y PREZ  |7 0  |p 17A1463134  |o snkČSB 4244/31/2021 D1  |i snk2024/11205  |8 0  |0 0  |1 0  |4 0  |d 2024-07-15  |l 0  |r 2026-02-21 20:01:24  |w 2026-02-21 
952 |t č. 1-4 + príl. DVD-ROM  |a SNK  |b SNK  |y PREZ  |7 0  |p 17A1463135  |o snkČSB 4244/32/2022 D1  |i snk2024/11210  |8 0  |0 0  |1 0  |4 0  |d 2024-07-15  |l 0  |r 2026-02-21 20:01:24  |w 2026-02-21 
952 |t DVD-ROM  |a SNK  |b SNK  |y NEVYP  |7 1  |p 17A1463136  |o snkČSB 4244/32/2022/príl. D1  |i snk2024/11210  |8 0  |z Príloha: Na pulze dejín spásy  |0 0  |1 0  |4 0  |d 2024-07-15  |l 0  |r 2026-02-21 20:01:24  |w 2026-02-21 
952 |t č. 1-4  |a SNK  |b SNK  |y PREZ  |7 0  |p 17A1341446  |o snkČSB 4244/23/2013 D1  |i snk2018/27286  |8 0  |0 0  |1 0  |4 0  |d 2018-12-17  |l 0  |r 2026-02-21 20:18:54  |w 2026-02-21 
952 |t č. 1-4  |a SNK  |b SNK  |y PREZ  |7 0  |p 17A1341447  |o snkČSB 4244/24/2014  |i snk2018/27288  |8 0  |0 0  |1 0  |4 0  |d 2018-12-17  |l 0  |r 2026-02-21 20:18:54  |w 2026-02-21 
952 |t č. 1-4  |a SNK  |b SNK  |y PREZ  |7 0  |p 17A1371223  |o snkČSB 4244/28/2018  |i snk2020/3679  |8 0  |0 0  |1 0  |4 0  |d 2020-02-17  |l 0  |r 2026-02-21 20:18:58  |w 2026-02-21 
952 |t č. 1-4  |a SNK  |b SNK  |y PREZ  |7 0  |p 17A1341445  |o snkČSB 4244/23/2013  |i snk2018/27285  |8 0  |0 0  |1 0  |4 0  |d 2018-12-17  |l 0  |r 2026-02-21 20:19:02  |w 2026-02-21 
952 |t č. 1-4  |a SNK  |b SNK  |y PREZ  |7 0  |p 17A1371224  |o snkČSB 4244/28/2018 D1  |i snk2020/3680  |8 0  |0 0  |1 0  |4 0  |d 2020-02-17  |l 0  |r 2026-02-21 20:22:20  |w 2026-02-21 
952 |t č. 1-4  |a SNK  |b SNK  |y PREZ  |7 0  |p 17A1088606  |o snkČSB 4244/16/2006 D1  |i snk2014/16911  |8 0  |0 0  |1 0  |4 0  |d 2014-08-11  |l 0  |r 2026-02-21 20:38:44  |w 2026-02-21 
952 |t č. 1-4  |a SNK  |b SNK  |y PREZ  |7 0  |p 17A1088607  |o snkČSB 4244/17/2007  |i snk2014/16913  |8 0  |f 1  |0 0  |1 0  |4 0  |d 2014-08-11  |l 0  |r 2026-02-21 20:38:46  |w 2026-02-21 
952 |t č. 1-4  |a SNK  |b SNK  |y PREZ  |7 0  |p 17A1088608  |o snkČSB 4244/17/2007 D1  |i snk2014/16920  |8 0  |0 0  |1 0  |4 0  |d 2014-08-11  |l 0  |r 2026-02-21 20:38:46  |w 2026-02-21 
952 |t č. 1-4  |a SNK  |b SNK  |y PREZ  |7 0  |p 17A0928284  |o snkČSB 4244/9/1999  |i snkČSP 2401/2004  |f 1  |0 0  |1 0  |4 0  |d 2014-08-12  |l 0  |r 2026-02-21 21:02:12  |w 2026-02-21 
952 |t č. 1-4  |a SNK  |b SNK  |y PREZ  |7 0  |p 17A0928326  |o snkČSB 4244/10/2000  |i snkČSP 2399/2004  |f 1  |0 0  |1 0  |4 0  |d 2014-08-12  |l 0  |r 2026-02-21 21:23:22  |w 2026-02-21 
952 |t č. 1-4  |a SNK  |b SNK  |y PREZ  |7 0  |p 17A1088601  |o snkČSB 4244/14/2004  |i snk2014/16879  |8 0  |f 1  |0 0  |1 0  |4 0  |d 2014-08-11  |l 0  |r 2026-02-21 21:33:17  |w 2026-02-21 
952 |t č. 1-4  |a SNK  |b SNK  |y PREZ  |7 0  |p 17A1088602  |o snkČSB 4244/14/2004 D1  |i snk2014/16881  |8 0  |0 0  |1 0  |4 0  |d 2014-08-11  |l 0  |r 2026-02-21 21:33:17  |w 2026-02-21 
952 |t č. 1-4  |a SNK  |b SNK  |y PREZ  |7 0  |p 17A1088603  |o snkČSB 4244/15/2005  |i snk2014/16888  |8 0  |f 1  |0 0  |1 0  |4 0  |d 2014-08-11  |l 0  |r 2026-02-21 21:33:17  |w 2026-02-21 
952 |t č. 1-4  |a SNK  |b SNK  |y PREZ  |7 0  |p 17A1088604  |o snkČSB 4244/15/2005 D1  |i snk2014/16889  |8 0  |0 0  |1 0  |4 0  |d 2014-08-11  |l 0  |r 2026-02-21 21:33:20  |w 2026-02-21 
952 |t č. 1-4  |a SNK  |b SNK  |y PREZ  |7 0  |p 17A1088605  |o snkČSB 4244/16/2006  |i snk2014/16903  |8 0  |f 1  |0 0  |1 0  |4 0  |d 2014-08-11  |l 0  |r 2026-02-21 21:33:20  |w 2026-02-21 
952 |t č. 1-4  |a SNK  |b SNK  |y PREZ  |7 0  |p 17A1088609  |o snkČSB 4244/18/2008  |i snk2014/16927  |8 0  |f 1  |0 0  |1 0  |4 0  |d 2014-08-12  |l 0  |r 2026-02-21 21:33:27  |w 2026-02-21 
952 |t č. 1-4  |a SNK  |b SNK  |y PREZ  |7 0  |p 17A1088610  |o snkČSB 4244/18/2008 D1  |i snk2014/16928  |8 0  |0 0  |1 0  |4 0  |d 2014-08-12  |l 0  |r 2026-02-21 21:33:27  |w 2026-02-21 
952 |t č. 1-4  |a SNK  |b SNK  |y PREZ  |7 0  |p 17A1088611  |o snkČSB 4244/19/2009  |i snk2014/16929  |8 0  |f 1  |0 0  |1 0  |4 0  |d 2014-08-12  |l 0  |r 2026-02-21 21:33:27  |w 2026-02-21 
952 |t č. 1-4  |a SNK  |b SNK  |y PREZ  |7 0  |p 17A1088612  |o snkČSB 4244/19/2009 D1  |i snk2014/16930  |8 0  |0 0  |1 0  |4 0  |d 2014-08-12  |l 0  |r 2026-02-21 21:33:27  |w 2026-02-21 
952 |t č. 1-4  |a SNK  |b SNK  |y PREZ  |7 0  |p 17A1088613  |o snkČSB 4244/20/2010  |i snk2014/16931  |8 0  |f 1  |0 0  |1 0  |4 0  |d 2014-08-12  |l 0  |r 2026-02-21 21:33:27  |w 2026-02-21 
952 |t č. 1-4  |a SNK  |b SNK  |y PREZ  |7 0  |p 17A1088614  |o snkČSB 4244/20/2010 D1  |i snk2014/16933  |8 0  |0 0  |1 0  |4 0  |d 2014-08-12  |l 0  |r 2026-02-21 21:33:27  |w 2026-02-21 
952 |t č. 1-4  |a SNK  |b SNK  |y PREZ  |7 0  |p 17A1088615  |o snkČSB 4244/21/2011  |i snk2014/16934  |8 0  |f 1  |0 0  |1 0  |4 0  |d 2014-08-12  |l 0  |r 2026-02-21 21:33:27  |w 2026-02-21 
952 |t č. 1-4  |a SNK  |b SNK  |y PREZ  |7 0  |p 17A1088616  |o snkČSB 4244/21/2011 D1  |i snk2014/16936  |8 0  |0 0  |1 0  |4 0  |d 2014-08-12  |l 0  |r 2026-02-21 21:33:27  |w 2026-02-21 
952 |t č. 1-4  |a SNK  |b SNK  |y PREZ  |7 0  |p 17A1088617  |o snkČSB 4244/22/2012  |i snk2014/16938  |8 0  |f 1  |0 0  |1 0  |4 0  |d 2014-08-12  |l 0  |r 2026-02-21 21:33:27  |w 2026-02-21 
952 |t č. 1-4  |a SNK  |b SNK  |y PREZ  |7 0  |p 17A1088618  |o snkČSB 4244/22/2012 D1  |i snk2014/16939  |8 0  |0 0  |1 0  |4 0  |d 2014-08-12  |l 0  |r 2026-02-21 21:33:27  |w 2026-02-21 
952 |t č. 1-4  |a SNK  |b SNK  |y PREZ  |7 0  |p 17A0928282  |o snkČSB 4244/2/1992  |i snkČSP 1395/1994  |f 1  |0 0  |1 0  |4 0  |d 2014-08-12  |l 0  |r 2026-02-21 21:33:33  |w 2026-02-21 
952 |t č. 1-4  |a SNK  |b SNK  |y PREZ  |7 0  |p 17A0928305  |o snkČSB 4244/3/1993  |i snkČSP 3559/1994  |f 1  |0 0  |1 0  |4 0  |d 2014-08-12  |l 0  |r 2026-02-21 21:33:33  |w 2026-02-21 
952 |t č. 1-4  |a SNK  |b SNK  |y PREZ  |7 0  |p 17A0928331  |o snkČSB 4244/4/1994  |i snkČSB 2577/1999  |f 1  |0 0  |1 0  |4 0  |d 2014-08-12  |l 0  |r 2026-02-21 21:33:33  |w 2026-02-21 
952 |t č. 1-4  |a SNK  |b SNK  |y PREZ  |7 0  |p 17A0928329  |o snkČSB 4244/6/1996  |i snkČSP 2573/1999  |f 1  |0 0  |1 0  |4 0  |d 2014-08-12  |l 0  |r 2026-02-21 21:33:33  |w 2026-02-21 
952 |t č. 1-4  |a SNK  |b SNK  |y PREZ  |7 0  |p 17A0928327  |o snkČSB 4244/8/1998  |i snkČSP 2569/1999  |f 1  |0 0  |1 0  |4 0  |d 2014-08-12  |l 0  |r 2026-02-21 21:33:33  |w 2026-02-21 
952 |t č. 1-4  |a SNK  |b SNK  |y PREZ  |7 0  |p 17A0961361  |o snkČSB 4244/11/2001  |i snkČSP 2397/2004  |f 1  |0 0  |1 0  |4 0  |d 2014-08-12  |l 0  |r 2026-02-21 21:33:33  |w 2026-02-21 
952 |t č. 1-4  |a SNK  |b SNK  |y PREZ  |7 0  |p 17A0961362  |o snkČSB 4244/12/2002  |i snkČSP 2395/2004  |f 1  |0 0  |1 0  |4 0  |d 2014-08-12  |l 0  |r 2026-02-21 21:33:33  |w 2026-02-21 
952 |t č. 1-4  |a SNK  |b SNK  |y PREZ  |7 0  |p 17A0961365  |o snkČSB 4244/13/2003  |i snkČSP 2393/2004  |f 1  |0 0  |1 0  |4 0  |d 2014-08-12  |l 0  |r 2026-02-21 21:33:33  |w 2026-02-21 
952 |t č. 1-4  |a SNK  |b SNK  |y PREZ  |7 0  |p 17A1341448  |o snkČSB 4244/24/2014 D1  |i snk2018/27298  |8 0  |0 0  |1 0  |4 0  |d 2018-12-17  |l 0  |r 2026-02-21 22:13:54  |w 2026-02-21 
952 |t č. 1-4  |a SNK  |b SNK  |y PREZ  |7 0  |p 17A1341449  |o snkČSB 4244/25/2015  |i snk2018/27299  |8 0  |0 0  |1 0  |4 0  |d 2018-12-17  |l 0  |r 2026-02-21 22:13:54  |w 2026-02-21 
952 |t č. 1-4  |a SNK  |b SNK  |y PREZ  |7 0  |p 17A1341450  |o snkČSB 4244/25/2015 D1  |i snk2018/27300  |8 0  |0 0  |1 0  |4 0  |d 2018-12-17  |l 0  |r 2026-02-21 22:13:54  |w 2026-02-21 
952 |t č. 1-4  |a SNK  |b SNK  |y PREZ  |7 0  |p 17A1341451  |o snkČSB 4244/26/2016  |i snk2018/27303  |8 0  |0 0  |1 0  |4 0  |d 2018-12-17  |l 0  |r 2026-02-21 22:13:54  |w 2026-02-21 
952 |t č. 1-4  |a SNK  |b SNK  |y PREZ  |7 0  |p 17A1341452  |o snkČSB 4244/26/2016 D1  |i snk2018/27304  |8 0  |0 0  |1 0  |4 0  |d 2018-12-17  |l 0  |r 2026-02-21 22:13:54  |w 2026-02-21 
952 |t č. 1-4  |a SNK  |b SNK  |y PREZ  |7 0  |p 17A1341453  |o snkČSB 4244/27/2017  |i snk2018/27547  |8 0  |0 0  |1 0  |4 0  |d 2018-12-19  |l 0  |r 2026-02-21 22:14:06  |w 2026-02-21 
952 |t DVD-rom  |a SNK  |b SNK  |y NEVYP  |7 1  |p 17A1341454  |o snkČSB 4244/27/2017/príl.  |i snk2018/27557  |8 0  |z 25. marec 1984-2017 Jubilejný rok Fatimy  |0 0  |1 0  |4 0  |d 2018-12-19  |l 0  |r 2026-02-21 22:14:06  |w 2026-02-21 
952 |t č. 1-4  |a SNK  |b SNK  |y PREZ  |7 0  |p 17A1341455  |o snkČSB 4244/27/2017 D1  |i snk2018/27617  |8 0  |0 0  |1 0  |4 0  |d 2018-12-19  |l 0  |r 2026-02-21 22:14:06  |w 2026-02-21 
952 |t DVD-rom  |a SNK  |b SNK  |y PREZ  |7 0  |p 17A1341456  |o snkČSB 4244/27/2017/príl. D1  |i snk2018/27620  |8 0  |z 25. marec 1984-2017 Jubilejný rok Fatimy  |0 0  |1 0  |4 0  |d 2018-12-19  |l 0  |r 2026-02-21 22:14:06  |w 2026-02-21 
952 |t č. 1-4  |a SNK  |b SNK  |y PREZ  |7 0  |p 17A1432935  |o snkČSB 4244/29/2019  |i snk2020/20079  |8 0  |0 0  |1 0  |4 0  |d 2020-10-29  |l 0  |r 2026-02-21 22:23:24  |w 2026-02-21